Normal view
MARC view
- تأليف الخطيب،إبراهيم ؛ جعفر السعدي ؛ عوني كرومي
Entry Personal Name
001 - CONTROL NUMBER
- control field: 17294
003 - CONTROL NUMBER IDENTIFIER
- control field: JO-AjAnu
005 - DATE AND TIME OF LATEST TRANSACTION
- control field: 20230606073046.0
008 - FIXED-LENGTH DATA ELEMENTS
- fixed length control field: 230606|| aca||aabn | a|a d
040 ## - CATALOGING SOURCE
- Original cataloging agency: JO-AjAnu
- Transcribing agency: JO-AjAnu
100 ## - HEADING--PERSONAL NAME
- Personal name: تأليف الخطيب،إبراهيم ؛ جعفر السعدي ؛ عوني كرومي
670 ## - SOURCE DATA FOUND
- Source citation: Work cat.: (JO-AjAnu)8880: تأليف الخطيب،إبراهيم ؛ جعفر السعدي ؛ عوني كرومي, author, فن التمثيل